000 01370 a2200325 4500
005 20100403162231.0
008 100403t xxu||||| |||| 00| 0 eng d
010 _aENG-89296
020 _a8178242273
_c295.00
035 _aEN-72829
035 _aB-379450
037 _bDBAD / VEN
037 _bUBH
040 _adpl
_bEnglish
082 _a954.0841
100 _aBose, Subhas Chandra
245 _aChalo Delhi:
_bwritings and speeches 1943-1945/
_cSubhas Chandra Bose; edited by Sisir K. Bose and Sugata Bose
260 _aCalcutta
_bNetaji Research Bureau
_c2008
260 _aRanikhet
_bPermanent Black
_c2008
260 _aNew Delhi
_bOrient Longman
_c2008
270 _aHimalayana Mall Raod, Ranikhet Cantt.,
_bRanikhet
_e263645
300 _axx, 450 p.:
_c23 cm (Hb)
_bb & w photos
490 _aNetaji collected works; v.12
700 _a Bose, Sisir K.
700 _aBose, Sugata
942 _adpl
_cEN
_2ddc
_h954.0841
_m CHA
999 _c10423
_d10423